{"text_format":"1","workbook":"xlsx","n_sheets":3,"sheets":["Обработка","Hongtyre Group","Лист1"],"not_rendered":{"charts":0,"images":2,"macros":1,"external_links":0,"defined_names":3,"comments":0,"pivot_tables":1},"unopened":[],"bounds":{"document_bytes":16777216,"sheet_cells":100000,"rows_first":2000,"rows_last":500,"rows_between":2000,"halvings":0,"cell_chars":16384,"cell_head_chars":4096},"cells_cut":0,"cells_raw":0,"read":"whole","date_system":"1900"}

{"sheet":"Обработка","index":0,"n_rows":100,"n_cols":22,"rows_kept":100,"cut":false,"hidden":false,"merged":[]}
[]
[null,null,null,null,null,null,null,null,"ARAI CO., LTD"]
[null,null,null,null,null,null,null,null,"UNO JIKOU CO., LTD "]
[null,null,null,null,null,null,null,"GOLDEN RAY TRADING AND DEVELOPMENT LIMITED","TRIANGLE TYRE CO., LTD."]
[null,null,null,null,null,null,null,"EAST CITY INTERNATIONAL DEVELOPMENT LIMITED","LEONID AUTO SPARE PARTS TR. LL"]
[null,null,null,null,null,null,null,null,"SUIFENHE CITY NEW AND GREAT"]
[null,null,null,null,null,null,null,null,"SUIFENHE WANLI "]
[null,null,null,null,null,null,null,null,"KAIHO SANGYO CO., LTD"]
[null,null,null,null,null,null,null,null,"Hongtyre Group Co."]
[null,null,null,null,null,null,null,null,"QINGDAO YELLOW SEA RUBBER CO., LTD."]
[]
[]
[]
[]
[]
[]
[]
[]
[]
[]
[]
[]
[]
[]
[null,null,null,null,null,null,{"$f":"CONCATENATE(\"HGEC-\",VALUE(CONCATENATE(MID(TEXT(E25,\"ДД.ММ.ГГГГ\"),7,4),MID(TEXT(E25,\"ДД.ММ.ГГГГ\"),4,2),MID(TEXT(E25,\"ДД.ММ.ГГГГ\"),1,2))),\"-1\")","v":"HGEC-19000100-1"}]
[null,"Когда делали","Ст-с","Год","Дата инвойса","Дата инвойса опл.","№ инвойса","Покупатель","Продавец","Наименование","Размер","Кол-во П.","Кол-во Ф.","Тип кл-во","Вес","Цена за ед. П.","Цена за ед. Ф.","Сумма П.","Сумма покупки Ф.","Наценка","Цена продажи","Сумма продажи"]
[null,null,null,null,null,null,null,"GOLDEN RAY TRADING AND DEVELOPMENT LIMITED","TRIANGLE TYRE CO., LTD."]
[null,"2013-01-15",1,{"$f":"YEAR(E28)","v":2012},"2012-04-09","2012-04-11","HGEC-20120409-1","EAST CITY INTERNATIONAL DEVELOPMENT LIMITED","Hongtyre Group Co.","9.00R20-16PR","RS612",{"$f":"ROUND(S28/Q28,0)","v":206},206,"SETS",null,{"$f":"S28/M28","v":213.59223300970874},213.59223300970874,{"$f":"M28*Q28","v":44000},44000,0.2,{"$f":"Q28*(1+T28)","v":256.31067961165047},{"$f":"U28*M28","v":52800}]
[null,"2013-01-15",1,{"$f":"YEAR(E29)","v":2012},"2012-04-11","2012-04-13","HGEC-20120411-1","EAST CITY INTERNATIONAL DEVELOPMENT LIMITED","Hongtyre Group Co.","9.00R20-16PR","RS612",{"$f":"ROUND(S29/Q29,0)","v":288},288,"SETS",null,{"$f":"S29/M29","v":213.61902777777777},213.61902777777777,61522.28,61522.28,0.2,{"$f":"Q29*(1+T29)","v":256.34283333333332},{"$f":"U29*M29","v":73826.73599999999}]
[null,"2013-01-15",1,{"$f":"YEAR(E30)","v":2012},"2012-04-11","2012-04-13","HGEC-20120411-1","EAST CITY INTERNATIONAL DEVELOPMENT LIMITED","Hongtyre Group Co.","9.00R20-17PR","RS612",{"$f":"ROUND(S30/Q30,0)","v":288},200,"SETS",null,{"$f":"S30/M30","v":307.6114},213.61902777777777,{"$f":"M30*Q30","v":42723.805555555555},61522.28,0.2,{"$f":"Q30*(1+T30)","v":256.34283333333332},{"$f":"U30*M30","v":51268.566666666666}]
[null,"2013-01-15",1,2012,"2012-04-26","2012-04-28","HGEC-20120426-1","EAST CITY INTERNATIONAL DEVELOPMENT LIMITED","Hongtyre Group Co.","9.00R20-16PR","RS612",137,137,"SETS",null,213.13868613138686,213.13868613138686,29200,29200,0.2,255.76642335766422,35040]
[null,"2013-01-15",1,2012,"2012-05-01","2012-05-03","HGEC-20120501-1","EAST CITY INTERNATIONAL DEVELOPMENT LIMITED","Hongtyre Group Co.","9.00R20-16PR","RS612",297,206,"SETS",null,308.252427184466,213.8047138047138,44043.771043771041,63500,0.2,256.56565656565652,52852.525252525244]
[null,"2013-01-15",1,2012,"2012-05-16","2012-05-18","HGEC-20120516-1","EAST CITY INTERNATIONAL DEVELOPMENT LIMITED","Hongtyre Group Co.","9.00R20-16PR","RS612",281,281,"SETS",null,213.52313167259786,213.52313167259786,60000,60000,0.2,256.22775800711742,72000]
[null,"2013-01-15",1,2012,"2012-05-28","2012-05-30","HGEC-20120528-1","EAST CITY INTERNATIONAL DEVELOPMENT LIMITED","Hongtyre Group Co.","9.00R20-16PR","RS612",147,147,"SETS",null,212.9251700680272,212.9251700680272,31300,31300,0.2,255.51020408163262,37559.999999999993]
[null,"2013-01-15",1,2012,"2012-06-05","2012-06-07","HGEC-20120605-1","EAST CITY INTERNATIONAL DEVELOPMENT LIMITED","Hongtyre Group Co.","9.00R20-16PR","RS612",287,287,"SETS",null,213.34494773519162,213.34494773519162,61229.999999999993,61230,0.2,256.01393728222996,73476]
[null,"2013-01-15",1,2012,"2012-06-13","2012-06-15","HGEC-20120613-1","EAST CITY INTERNATIONAL DEVELOPMENT LIMITED","Hongtyre Group Co.","9.00R20-16PR","RS612",210,210,"SETS",null,213.8095238095238,213.8095238095238,44900,44900,0.2,256.57142857142856,53880]
[null,"2013-01-15",1,2012,"2012-06-19","2012-06-21","HGEC-20120619-1","EAST CITY INTERNATIONAL DEVELOPMENT LIMITED","Hongtyre Group Co.","9.00R20-16PR","RS612",304,304,"SETS",null,213.81578947368422,213.81578947368422,65000,65000,0.2,256.57894736842104,78000]
[null,"2013-01-15",1,2012,"2012-06-25","2012-06-27","HGEC-20120625-1","EAST CITY INTERNATIONAL DEVELOPMENT LIMITED","Hongtyre Group Co.","9.00R20-16PR","RS612",475,475,"SETS",null,213.81052631578947,213.81052631578947,101560,101560,0.2,256.57263157894738,121872]
[null,"2013-01-15",1,2012,"2012-06-26","2012-06-28","HGEC-20120626-1","EAST CITY INTERNATIONAL DEVELOPMENT LIMITED","Hongtyre Group Co.","9.00R20-16PR","RS612",237,237,"SETS",null,213.50210970464136,213.50210970464136,50600,50600,0.2,256.20253164556959,60719.999999999993]
[null,"2013-01-15",1,2012,"2012-07-02","2012-07-04","HGEC-20120702-1","EAST CITY INTERNATIONAL DEVELOPMENT LIMITED","Hongtyre Group Co.","9.00R20-16PR","RS612",424,424,"SETS",null,213.51415094339623,213.51415094339623,90530,90530,0.2,256.21698113207549,108636]
[null,"2013-01-15",1,2012,"2012-07-04","2012-07-06","HGEC-20120704-1","EAST CITY INTERNATIONAL DEVELOPMENT LIMITED","Hongtyre Group Co.","9.00R20-16PR","RS612",271,271,"SETS",null,213.28413284132841,213.28413284132841,57800,57800,0.2,255.94095940959409,69360]
[null,"2013-01-15",1,2012,"2012-07-08","2012-07-10","HGEC-20120708-1","EAST CITY INTERNATIONAL DEVELOPMENT LIMITED","Hongtyre Group Co.","9.00R20-16PR","RS612",252,252,"SETS",null,213.49206349206349,213.49206349206349,53800,53800,0.2,256.1904761904762,64560]
[null,"2013-01-15",1,2012,"2012-07-15","2012-07-17","HGEC-20120715-1","EAST CITY INTERNATIONAL DEVELOPMENT LIMITED","Hongtyre Group Co.","9.00R20-16PR","RS612",303,303,"SETS",null,213.53135313531354,213.53135313531354,64700,64700,0.2,256.23762376237624,77640]
[null,"2013-01-15",1,2012,"2012-07-16","2012-07-18","HGEC-20120716-1","EAST CITY INTERNATIONAL DEVELOPMENT LIMITED","Hongtyre Group Co.","9.00R20-16PR","RS612",468,468,"SETS",null,213.67521367521368,213.67521367521368,100000,100000,0.2,256.41025641025641,120000]
[null,"2013-01-15",1,2012,"2012-08-07","2012-08-09","HGEC-20120807-1","EAST CITY INTERNATIONAL DEVELOPMENT LIMITED","Hongtyre Group Co.","9.00R20-16PR","RS612",701,701,"SETS",null,213.55206847360913,213.55206847360913,149700,149700,0.2,256.26248216833096,179640]
[null,"2013-01-15",1,2012,"2012-09-02","2012-09-04","HGEC-20120902-1","EAST CITY INTERNATIONAL DEVELOPMENT LIMITED","Hongtyre Group Co.","9.00R20-16PR","RS612",459,459,"SETS",null,213.50762527233115,213.50762527233115,98000,98000,0.2,256.20915032679738,117600]
[null,"2013-01-15",1,2012,"2012-09-03","2012-09-05","HGEC-20120903-1","EAST CITY INTERNATIONAL DEVELOPMENT LIMITED","Hongtyre Group Co.","9.00R20-16PR","RS612",552,552,"SETS",null,213.768115942029,213.768115942029,118000,118000,0.2,256.52173913043481,141600.00000000003]
[null,"2013-01-15",1,2012,"2012-09-04","2012-09-06","HGEC-20120904-1","EAST CITY INTERNATIONAL DEVELOPMENT LIMITED","Hongtyre Group Co.","9.00R20-16PR","RS612",536,536,"SETS",null,213.43283582089552,213.43283582089552,114400,114400,0.2,256.1194029850746,137280]
[null,"2013-01-15",1,2012,"2012-09-05","2012-09-07","HGEC-20120905-1","EAST CITY INTERNATIONAL DEVELOPMENT LIMITED","Hongtyre Group Co.","9.00R20-16PR","RS612",446,446,"SETS",null,213.67713004484304,213.67713004484304,95300,95300,0.2,256.41255605381161,114359.99999999999]
[null,"2013-01-15",1,2012,"2012-09-09","2012-09-11","HGEC-20120909-1","EAST CITY INTERNATIONAL DEVELOPMENT LIMITED","Hongtyre Group Co.","9.00R20-16PR","RS612",1508,1508,"SETS",null,213.52785145888595,213.52785145888595,322000,322000,0.2,256.23342175066313,386400]
[null,"2013-01-15",1,2012,"2012-09-10","2012-09-12","HGEC-20120910-1","EAST CITY INTERNATIONAL DEVELOPMENT LIMITED","Hongtyre Group Co.","9.00R20-16PR","RS612",693,693,"SETS",null,213.56421356421356,213.56421356421356,148000,148000,0.2,256.27705627705626,177600]
[null,"2013-01-15",1,2012,"2012-09-11","2012-09-13","HGEC-20120911-1","EAST CITY INTERNATIONAL DEVELOPMENT LIMITED","Hongtyre Group Co.","9.00R20-16PR","RS612",301,301,"SETS",null,213.6312292358804,213.6312292358804,64303,64303,0.2,256.35747508305644,77163.599999999991]
[null,"2013-01-15",1,2012,"2012-09-16","2012-09-18","HGEC-20120916-1","EAST CITY INTERNATIONAL DEVELOPMENT LIMITED","Hongtyre Group Co.","9.00R20-16PR","RS612",791,791,"SETS",null,213.65360303413399,213.65360303413399,169000,169000,0.2,256.38432364096076,202799.99999999997]
[null,"2013-01-15",1,2012,"2012-09-23","2012-09-25","HGEC-20120923-1","EAST CITY INTERNATIONAL DEVELOPMENT LIMITED","Hongtyre Group Co.","9.00R20-16PR","RS612",679,679,"SETS",null,213.54933726067748,213.54933726067748,145000,145000,0.2,256.25920471281296,174000]
[null,"2013-01-15",1,2012,"2012-10-12","2012-10-16","HGEC-20121012-1","EAST CITY INTERNATIONAL DEVELOPMENT LIMITED","Hongtyre Group Co.","9.00R20-16PR","RS612",690,690,"SETS",null,213.7391304347826,213.7391304347826,147480,147480,0.2,256.4869565217391,176975.99999999997]
[null,"2013-01-15",1,2012,"2012-10-12","2012-10-16","HGEC-20121012-2","EAST CITY INTERNATIONAL DEVELOPMENT LIMITED","Hongtyre Group Co.","9.00R20-16PR","RS612",742,742,"SETS",null,213.47708894878707,213.47708894878707,158400,158400,0.2,256.17250673854448,190080]
[null,"2013-01-15",1,2012,"2012-10-12","2012-10-16","HGEC-20121012-3","EAST CITY INTERNATIONAL DEVELOPMENT LIMITED","Hongtyre Group Co.","9.00R20-16PR","RS612",692,692,"SETS",null,213.58381502890174,213.58381502890174,147800,147800,0.2,256.30057803468208,177360]
[null,"2013-01-15",1,2012,"2012-10-12","2012-10-16","HGEC-20121012-4","EAST CITY INTERNATIONAL DEVELOPMENT LIMITED","Hongtyre Group Co.","9.00R20-16PR","RS612",808,808,"SETS",null,213.490099009901,213.490099009901,172500,172500,0.2,256.18811881188117,206999.99999999997]
[null,"2013-01-15",1,2012,"2012-10-17","2012-10-18","HGEC-20121017-1","EAST CITY INTERNATIONAL DEVELOPMENT LIMITED","Hongtyre Group Co.","9.00R20-16PR","RS612",1014,1014,"SETS",null,213.55029585798817,213.55029585798817,216540,216540,0.2,256.26035502958581,259848]
[null,null,null,null,null,null,null,null,null,null,null,null,null,null,null,null,null,null,null,0.2]
[null,null,null,null,null,null,null,null,null,null,null,null,null,null,null,null,null,null,null,0.2]
[null,null,null,null,null,null,null,null,null,null,null,null,null,null,null,null,null,null,null,0.2]
[null,null,null,null,null,null,null,null,null,null,null,null,null,null,null,null,null,null,null,0.2]
[null,null,null,null,null,null,null,null,null,null,null,null,null,null,null,null,null,null,null,0.2]
[null,null,null,null,null,null,null,null,null,null,null,null,null,null,null,null,null,null,null,0.2]
[null,null,null,null,null,null,null,null,null,null,null,null,null,null,null,null,null,null,null,0.2]
[null,null,null,null,null,null,null,null,null,null,null,null,null,null,null,null,null,null,null,0.2]
[null,null,null,null,null,null,null,null,null,null,null,null,null,null,null,null,null,null,null,0.2]
[null,null,null,null,null,null,null,null,null,null,null,null,null,null,null,null,null,null,null,0.2]
[null,null,null,null,null,null,null,null,null,null,null,null,null,null,null,null,null,null,null,0.2]
[null,null,null,null,null,null,null,null,null,null,null,null,null,null,null,null,null,null,null,0.2]
[null,null,null,null,null,null,null,null,null,null,null,null,null,null,null,null,null,null,null,0.2]
[null,null,null,null,null,null,null,null,null,null,null,null,null,null,null,null,null,null,null,0.2]
[null,null,null,null,null,null,null,null,null,null,null,null,null,null,null,null,null,null,null,0.2]
[null,null,null,null,null,null,null,null,null,null,null,null,null,null,null,null,null,null,null,0.2]
[null,null,null,null,null,null,null,null,null,null,null,null,null,null,null,null,null,null,null,0.2]
[null,null,null,null,null,null,null,null,null,null,null,null,null,null,null,null,null,null,null,0.2]
[null,null,null,null,null,null,null,null,null,null,null,null,null,null,null,null,null,null,null,0.2]
[null,null,null,null,null,null,null,null,null,null,null,null,null,null,null,null,null,null,null,0.2]
[null,null,null,null,null,null,null,null,null,null,null,null,null,null,null,null,null,null,null,0.2]
[null,null,null,null,null,null,null,null,null,null,null,null,null,null,null,null,null,null,null,0.2]
[null,null,null,null,null,null,null,null,null,null,null,null,null,null,null,null,null,null,null,0.2]
[null,null,null,null,null,null,null,null,null,null,null,null,null,null,null,null,null,null,null,0.2]
[null,null,null,null,null,null,null,null,null,null,null,null,null,null,null,null,null,null,null,0.2]
[null,null,null,null,null,null,null,null,null,null,null,null,null,null,null,null,null,null,null,0.2]
[null,null,null,null,null,null,null,null,null,null,null,null,null,null,null,null,null,null,null,0.2]
[null,null,null,null,null,null,null,null,null,null,null,null,null,null,null,null,null,null,null,0.2]
[null,null,null,null,null,null,null,null,null,null,null,null,null,null,null,null,null,null,null,0.2]
[null,null,null,null,null,null,null,null,null,null,null,null,null,null,null,null,null,null,null,0.2]
[null,null,null,null,null,null,null,null,null,null,null,null,null,null,null,null,null,null,null,0.2]
[null,null,null,null,null,null,null,null,null,null,null,null,null,null,null,null,null,null,null,0.2]
[null,null,null,null,null,null,null,null,null,null,null,null,null,null,null,null,null,null,null,0.2]
[null,null,null,null,null,null,null,null,null,null,null,null,null,null,null,null,null,null,null,0.2]
[null,null,null,null,null,null,null,null,null,null,null,null,null,null,null,null,null,null,null,0.2]
[null,null,null,null,null,null,null,null,null,null,null,null,null,null,null,null,null,null,null,0.2]
[null,null,null,null,null,null,null,null,null,null,null,null,null,null,null,null,null,null,null,0.2]
[null,null,null,null,null,null,null,null,null,null,null,null,null,null,null,null,null,null,null,0.2]
[null,null,null,null,null,null,null,null,null,null,null,null,null,null,null,null,null,null,null,0.2]
[null,null,null,null,null,null,null,null,null,null,null,null,null,null,null,null,null,null,null,0.2]
[null,null,null,null,null,null,null,null,null,null,null,null,null,null,null,null,null,null,null,0.2]

{"sheet":"Hongtyre Group","index":1,"n_rows":52,"n_cols":16,"rows_kept":52,"cut":false,"hidden":false,"merged":[[1,1,1,6],[48,1,48,6],[49,1,49,6],[28,1,28,3],[30,1,30,6],[39,1,39,6],[44,1,44,6],[47,1,47,6],[5,1,5,6],[9,1,9,6],[10,1,10,6],[11,1,12,1],[11,2,12,2],[11,3,12,3],[11,4,11,5],[11,6,12,6]]}
[]
[null,"HONGTYRE GROUP CO.\nAdd:Hongtyre Industrial Park,No.43 Bankok Road,\nQingdao Free Trade Zone,Qingdao,China"]
[null,null,null,null,null,null,"Tel: 0086-532-8676 6033"]
[null,null,null,null,null,null,"Fax: 0086-532-8676 9331",null,null,"№ invoice"]
[null,null,null,null,null,null,"Email: kenwang@hongtyre.com"]
[null,"PROFORMA INVOICE"]
[null,{"$f":"CONCATENATE(\"Buyer: \",K13)","v":"Buyer: EAST CITY INTERNATIONAL DEVELOPMENT LIMITED"},null,null,null,"No.:  ",{"$f":"J9","v":"HGEC-20120411-1"}]
[null,null,null,null,null,"Date: ",{"$f":"I13","v":"2012-04-11"}]
[null,null,null,null,null,"Location: Qingdao, China",null,null,"№ инвойса","HGEC-20120411-1"]
[null,"Commodity: Chinese Radial Truck Tyres"]
[null,"Brand: ROADSHINE",null,null,null,null,null,null,null,null,null,null,null,"Значения"]
[null,"Size","Pattern"," Unit Price           (FOB Qingdao)","Quantity",null," Amount                        (FOB Qingdao)",null,"Дата инвойса","Продавец","Покупатель","Наименование","Размер"," Кол-во Ф."," Цена за ед. Ф."," Сумма покупки Ф."]
[null,null,null,null,"40'HQ","SETS",null,null,"2012-04-11","Hongtyre Group Co.","EAST CITY INTERNATIONAL DEVELOPMENT LIMITED","9.00R20-16PR","RS612",288,213.61902777777777,61522.28]
[null,null,null,null,null,null,null,null,null,null,null,"9.00R20-17PR","RS612",200,213.61902777777777,61522.28]
[null,{"$f":"L13","v":"9.00R20-16PR"},{"$f":"M13","v":"RS612"},{"$f":"O13","v":213.61902777777777},null,{"$f":"N13","v":288},{"$f":"P13","v":61522.28}]
[null,{"$f":"L14","v":"9.00R20-17PR"},{"$f":"M14","v":"RS612"},{"$f":"O14","v":213.61902777777777},null,{"$f":"N14","v":200},{"$f":"P14","v":61522.28}]
[null,{"$f":"L15","v":0},0,{"$f":"O15","v":0},null,{"$f":"N15","v":0},{"$f":"P15","v":0}]
[null,{"$f":"L16","v":0},0,0,null,0,0]
[null,{"$f":"L17","v":0},0,0,null,0,0]
[null,{"$f":"L18","v":0},0,0,null,0,0]
[null,{"$f":"L19","v":0},0,0,null,0,0]
[null,{"$f":"L20","v":0},0,0,null,0,0]
[null,{"$f":"L21","v":0},0,0,null,0,0]
[null,{"$f":"L22","v":0},0,0,null,0,0]
[null,{"$f":"L23","v":0},0,0,null,0,0]
[null,{"$f":"L24","v":0},0,0,null,0,0]
[null,{"$f":"L25","v":0},0,0,null,0,0]
[null,{"$f":"L26","v":0},0,0,null,0,0]
[null,"                TOTAL",null,null,{"$f":"SUM(E28:E28)","v":0},{"$f":"SUM(F15:F28)","v":488},{"$f":"SUM(G15:G28)","v":123044.56}]
[null,null,null,null,null,null,null,null,null,"Область документа, который нужно создать"]
[null,"1. Payment Term: By 30% TT within 3 days after the contract signing date ,balance 70%by TT will be paid after B/L within 5 days."]
[null,"2. Bank Details: "]
[null,"   i). Beneficiary Bank: HSBC Bank (China) Company Limited, Qingdao Branch",null,null,null,null,null,null,null,{"$f":"J13","v":"Hongtyre Group Co."},{"$f":"J9","v":"HGEC-20120411-1"},{"$f":"G29","v":123044.56}]
[null,"    ADD:8/F,CROWNE PLAZA,76 XIANGGANG ZHONG LU,QINGDAO,PEOPLE'S REPUBLIC OF CHINA"]
[null,"       SWIFT: HSBCCNSHQDO"]
[null,"  ii). Beneficiary: Hongtyre Group Co."]
[null,"      A/C No.: 304-000292-055"]
[null,"  iii). Correspondent Bank: HSBC Bank USA, New York",null,null,null,null,null,null,null,"Название Файла",null,{"$f":"J33&\" - \"&K33&\" - \"&L33","v":"Hongtyre Group Co. - HGEC-20120411-1 - 123044,56"}]
[null,"        SWIFT: MRMDUS33 in favor of A/C 000-04281-1"]
[null,"Note: In T/T payment instruction to be: \"the banking charges incurred outside of beneficiary's to be covered by the applicant\"."]
[null,"3.  Port of Loading: Qingdao, China"]
[null,"4.  Port of Destination: commercial port,Vladivostok"]
[null,"5.  Packing: Export standard for container shipment without wrapping"]
[null,"6.  Insurance: To be covered by the Buyer"]
[null,"7.  Delivery Time: Prompt delivery subject to the availability of vessel and deposit"]
[null,"8.  Delivery Terms:    i). Partial Shipment: Allowed         ii).Transhipment: Allowed"]
[null,"                                 iii). 5% more or less in quantity and amount allowed"]
[null,"9. i). In case that the buyer shall not effect the payment on time as per the above terms, all the losses and charges arising from this shall be borne by the buyer."]
[null,"    ii). In case that the ocean freight shall have a big change/increase, both shall recalculate the new ocean freight and price of CFR."]
[null,"10.This Contract shall take into effective since signed/sealed by both parties, and the faxed/scan copy shall be deemed equally authentic with the original."]
[]
[null,{"$f":"K13","v":"EAST CITY INTERNATIONAL DEVELOPMENT LIMITED"},null,null,null,{"$f":"J13","v":"Hongtyre Group Co."}]

{"sheet":"Лист1","index":2,"n_rows":0,"n_cols":0,"rows_kept":0,"cut":false,"hidden":false,"merged":[]}